Statistiques concernant Dictateurs Africains

Cliquez ici pour prendre le quiz!

Statistiques générales

  • Ce quiz a été pris 23 fois
    (14 depuis la dernière actualisation)
  • Le résultat moyen est 9 sur 22

Statistiques - réponses

PaysPrésident% Correct
République CentrafricaineJean-Bédel Bokassa | Faustin Archange Touadêra
82%
ZaïreJoseph Mobutu Sese Seko Kuku Ngbendu Wa Za Banga
82%
LibyeMohammed Mouammar Kadhafi
73%
OugandaYoweri Museveni | Idi Amin Dada
73%
TunisieZine - El- Abidine Ben Ali
73%
RwandaPaul Kagame
64%
ZimbabweRobert Mugabe
64%
CamerounPaul Biya
55%
LibériaCharles Taylor | Samuel Doe
45%
CongoDenis Sassou Nguesso
45%
EgypteHosni Moubarak
45%
GabonOmar Bongo | Ali Bongo
45%
Burkina FasoBlaise Compaoré
36%
TchadIdriss Deby | Hissène Habré
36%
AngolaJosé Eduardo Dos Santos
36%
République Démocratique du CongoJoseph Kabila Kabange
27%
GuinéeAhmed Sékou Touré | Moussa Dadis Camara
18%
SomalieMohamed Siad Barre
18%
TogoFaure Gnassingbé | Etienne Eyadema Gnassingbé
9%
Guinée EquatorialeTeodoro Obiang Nguema | Francisco Macías Nguema
9%
ErythréeIsaias Afwerki
0%
BurundiPierre Nkurunziza
0%

Distribution des résultats

Percentile par nombre de réponses

% des personnes avec chaque résultat

Votre développement - résultats

Vous n’avez pas pris ce quiz depuis la dernière actualisation